Vplyv ožiarenia iónmi olova na mechanické a korózne vlastnosti ocele T91
Saved in:
| Main Author: | |
|---|---|
| Other Authors: | |
| Format: | Manuscript Book |
| Language: | Slovak |
| Published: |
2025
|
| Subjects: | |
| Online Access: | http://is.stuba.sk/zp/portal_zp.pl?podrobnosti=186234 |
| Tags: |
No Tags, Be the first to tag this record!
|
MARC
| LEADER | 00000ntm a22000003a 4500 | ||
|---|---|---|---|
| 001 | stuzp96768 | ||
| 003 | SK-STU | ||
| 005 | 20250628210335.9 | ||
| 007 | ta | ||
| 008 | 150427s2015----xo-----f-mn---000-0-slo-d | ||
| 040 | |a STU |b slo | ||
| 041 | 0 | |a slo | |
| 100 | 1 | |a Šagát, Jakub |u 061000 |4 aut |U MTF Materiálovotechnologická fakulta |T MTF Ústav materiálov |X 116539 |U M1000 |Y 81 |7 116539 | |
| 242 | 0 | 1 | |a Effect of Pb irradiation on mechanical and corrosion properties of T91 steel |y eng |
| 245 | 1 | 0 | |a Vplyv ožiarenia iónmi olova na mechanické a korózne vlastnosti ocele T91 |
| 260 | |c 2025 | ||
| 650 | 4 | |a Iónové ožarovanie |2 slo | |
| 650 | 4 | |a Feriticko-martenzitická oceľ T91 |2 slo | |
| 650 | 4 | |a Skenovací elektrónový mikroskop |2 slo | |
| 650 | 4 | |a Nanoindentácia |2 slo | |
| 650 | 4 | |a Expozícia v tekutom olove |2 slo | |
| 650 | 4 | |a Ion-irradiation |2 eng | |
| 650 | 4 | |a Ferritic-martensitic steel T91 |2 eng | |
| 650 | 4 | |a ,Scanning electron microscopy |2 eng | |
| 650 | 4 | |a Nanoindentation |2 eng | |
| 650 | 4 | |a Liquid lead exposure |2 eng | |
| 700 | 1 | |a Száraz, Zoltán |u 067000 |k Z2 |4 ths |U MTF Materiálovotechnologická fakulta |T MTF Ústav výskumu progresívnych technológií |X 102099 |U MN7000 |Y 87 |7 102099 | |
| 856 | 4 | |u http://is.stuba.sk/zp/portal_zp.pl?podrobnosti=186234 | |
| 996 | |c M* BP-10023 |l MMSKP |s P |a 0 |w stuzp96768_0001 | ||